LEHNINGER PRINCIPLES OF BIOCHEMISTRY (Record no. 8782)

MARC details
000 -LEADER
fixed length control field 00360nam a22001577a 4500
003 - CONTROL NUMBER IDENTIFIER
control field SGT
020 ## - INTERNATIONAL STANDARD BOOK NUMBER
International Standard Book Number 978-1-4292-3414-6
082 ## - DEWEY DECIMAL CLASSIFICATION NUMBER
Classification number 612.015
Item number L13N
100 ## - MAIN ENTRY--PERSONAL NAME
Personal name NELSON, DAVID L
245 ## - TITLE STATEMENT
Title LEHNINGER PRINCIPLES OF BIOCHEMISTRY
250 ## - EDITION STATEMENT
Edition statement 6TH
260 ## - PUBLICATION, DISTRIBUTION, ETC. (IMPRINT)
Place of publication, distribution, etc DELHI
Name of publisher, distributor, etc W-H. PREEMAN & COM
Year of Publication 2013
300 ## - PAGE DESCRIPTION
No. of Pages 1250
650 ## - SUBJECT ADDED ENTRY--TOPICAL TERM
Topical term or geographic name as entry element BIOCHEMISTRY
942 ## - ADDED ENTRY ELEMENTS (KOHA)
Source of classification or shelving scheme Dewey Decimal Classification
Koha item type Books
Holdings
Withdrawn status Lost status Source of classification or shelving scheme Damaged status Not for loan Collection code Home library Current library Shelving location Date acquired Vendor Name Cost, normal purchase price SGTU Bill Number Total Checkouts Full call number Accession No. (Barcode) Date last seen Bill Date Koha item type
    Dewey Decimal Classification     PHARMACY SGT FA-FP Library SGT FA-FP Library Reference Book 07/04/2016 AHUJA 0.00 SGTU 6742   612.015 L13N FP1794 07/04/2016 16/03/2016 Books